Kuriózne hetriky Baránka s Dučaiom 1. hokejová liga - 24. kolo: v Nitre na Mikuláša zadarmo

Bibliographic Details
Format: Article
Language:Slovak
PhysicalDescription:Tab.
ISSN:0139-7001
Subjects:

MARC

LEADER 00000nab a2200000 a 4500
001 vtls000818519
003 SK-MaSNL
005 20260302151324.0
008 180206c2002 xo 0 slo
015 |a SNBRB2002/12-41665 
035 |a CLN000170174 
040 |a SNKBUCL  |b slo  |c SNKBUCL  |e AACR2 
041 0 |a slo 
044 |a xo  |c SK 
080 |a 796.966.093.1  |2 UDC-MRF-SK2 
245 0 0 |a Kuriózne hetriky Baránka s Dučaiom  |b 1. hokejová liga - 24. kolo: v Nitre na Mikuláša zadarmo 
300 |b Tab. 
650 0 7 |a hokej ľadový  |x liga 1.  |y sezóna 2002/2003  |x kolo 24.  |2 snkbucl  |9 842677 
655 7 |a články z novín a časopisov  |2 snkbucl  |9 267496 
773 0 |x 0139-7001  |t Šport  |g Roč. 56, č. 285 (7.12.2002), s. 5 
850 |a Slovenská národná knižnica v Martine 
852 |a SNK  |b KIS3GCP 
958 |a RBX 
999 |c 1359516  |d 1361446